| 000 | 00899nam a2200265 4500 | ||
|---|---|---|---|
| 999 |
_c8412 _d8412 |
||
| 001 | 22064 | ||
| 003 | BD-DhUAP | ||
| 005 | 20240309140652.0 | ||
| 008 | 240309b20082009uk ad||| |||| 000 0beng d | ||
| 020 | _a9780521151948 | ||
| 020 | _a9780521866781 | ||
| 022 | _29780521685702 (pbk.) | ||
| 040 |
_aBD-DhUAP _cBD-DhUAP _dBD-DhUAP |
||
| 082 |
_222 _a428.0071 FIE |
||
| 100 |
_aField, John, _d1945- |
||
| 245 |
_aListening in the language classroom / _cJohn Field. |
||
| 260 |
_aCambridge, UK ; _bNew York :Cambridge University Press, _c2010. |
||
| 300 |
_ax, 366 p. : _bill. ; _c24 cm. |
||
| 440 | _aCambridge language teaching library. | ||
| 504 | _aIncludes bibliographical references (p. 353-359) and index. | ||
| 650 |
_aLanguage and languages _xStudy and teaching. |
||
| 650 |
_aListening _xStudy and teaching. |
||
| 650 |
_aSecond language acquisition _xStudy and teaching. |
||
| 942 |
_2ddc _cBK |
||